Šesť dní duchovné cvičenia s donom Vincenzom

Bibliographic Details
Main Author: Stawicki, Stanisław, 1956- (Author)
Other Authors: Šimčíková, Hana (Translator)
Format: Book
Language:Slovak
Polish
PhysicalDescription:223 s. 21 cm
Published: Spišská Nová Ves Spoločnosť katolíckeho apoštolátu - pallotíni [2016]
ISBN:9788089479108
Subjects:

MARC

LEADER 00000cam a2200000 a 4500
001 vtls011542964
003 SK-MaSNL
005 20260301220927.0
008 240318s2016 xo g n 000 0 slo
015 |a SNBA2016/04 
020 |a 9788089479108  |q (brož.) 
035 |a urn:nbn:sk:snk-am00be16 
035 |a urn:nbn:sk:snk-am3h9nb 
035 |a B8B1C3E1-CBE7-4C10-9FA9-5417932D6E5C 
040 |a SNK  |b slo  |c SNK  |e AACR2 
041 1 |a slo  |h pol 
044 |a xo  |c SK 
072 7 |a 27-5  |x Liturgia. Kresťanské umenie a symbolika. Duchovný život  |2 konspekt 
080 |a 27-36  |2 2011 
080 |a 27-584.7  |2 2011 
080 |a 27-584.5  |2 2011 
080 |a (042.3)  |2 2011 
080 |a (0:82-5)  |2 2011 
100 1 |a Stawicki, Stanisław,  |d 1956-  |4 aut  |9 50282 
245 1 0 |a Šesť dní  |b duchovné cvičenia s donom Vincenzom  |c Stanislaw Stawicki ; [preklad Hana Šimčíková] 
260 |a Spišská Nová Ves  |b Spoločnosť katolíckeho apoštolátu - pallotíni  |c [2016] 
300 |a 223 s.  |c 21 cm 
504 |a Bibliogr.: s. 215-216 
600 1 7 |a Pallotti, Vincent,  |c svätý,  |d 1795-1850  |2 SNKMA  |9 40640 
650 0 7 |a duchovné cvičenia  |2 SNKPH  |9 1723 
650 0 7 |a Spiritual exercises  |2 SNKPHeng  |9 276104 
650 0 7 |a kresťanskí svätci  |2 SNKPH  |9 1605 
650 0 7 |a Spiritual path  |2 SNKPHeng  |9 276105 
650 0 7 |a Christian saints  |2 SNKPHeng  |9 282519 
650 0 7 |a duchovná cesta  |2 SNKPH  |9 67470 
655 7 |a prednášky  |2 SNKPH  |9 70554 
655 7 |a kázne  |2 SNKPH  |9 70516 
655 7 |a Lectures  |2 SNKPHeng  |9 294447 
655 7 |a Sermons  |2 SNKPHeng  |9 306073 
700 1 |a Šimčíková, Hana  |4 trl  |9 58263 
852 |a Štátna vedecká knižnica v Banskej Bystrici 
919 |a 978-80-89479-10-8 
958 |a NB 
958 |a NT 
958 |a OP 
968 |b POL 
999 |c 933765  |d 935695 
952 |a SNK  |b SNK  |y PREZ  |7 0  |p 17A1184446  |o snkSC 168985  |i snk2016/8547  |8 0  |0 0  |1 0  |4 0  |d 2016-04-01  |f 1  |l 0  |r 2026-02-24 08:56:15  |w 2026-02-24 
952 |a SNK  |b SNK  |y VYP  |7 0  |p 17A1184447  |o snkSC 168985 D1  |i snk2016/8548  |8 0  |0 0  |1 0  |4 0  |d 2016-04-01  |l 0  |r 2026-02-24 08:56:15  |w 2026-02-24